Statistics for southern states of the USA

Click here to take the quiz!

General Stats

  • This quiz has been taken 166 times
  • The average score is 14 of 16

Answer Stats

Answers% Correct
Texas
95%
Georgia
93%
Florida
92%
South Carolina
92%
Alabama
91%
Louisiana
90%
North Carolina
90%
Virginia
89%
Kentucky
87%
Mississippi
86%
West Virginia
84%
Arkansas
82%
Oklahoma
81%
Tennessee
77%
Delaware
61%
Maryland
61%

Score Distribution

Percentile by Number Answered

Percent of People with Each Score

Your Score History

You have not taken this quiz